Where Does It Grow? Click Quiz #1 - Statistics

General Stats
  • This quiz has been taken 58,641 times
  • The average score is 18 of 26
Answer Stats
Hint Answer % Correct
Apple
92%
Lemon
88%
Potato
86%
Cherry
83%
Carrot
83%
Grape
81%
Lettuce
81%
Walnut
77%
Broccoli
77%
Onion
76%
Beet
74%
Avocado
73%
Tomato
73%
Olive
71%
Celery
69%
Bamboo shoots
68%
Green asparagus
67%
Ginger
65%
Garlic
62%
Rhubarb
58%
Watermelon
56%
Cucumber
56%
Cinnamon
49%
Pumpkin
48%
Peanut
30%
Kiwi
21%
No matching quizzes found
Score Distribution
Percent of People with Each Score
Percentile by Number Answered
Your Score History
You have not taken this quiz